| 000 | 00697nam a2200229Ia 4500 | ||
|---|---|---|---|
| 003 | OSt | ||
| 005 | 20230803100352.0 | ||
| 008 | 210716s2013 xx 000 0 und d | ||
| 020 | _a9780198092223 | ||
| 040 | _cAIMIT LIBRARY | ||
| 041 | _aeng | ||
| 082 |
_a346.07 _21 _bPATA |
||
| 100 |
_aPathak, Akhileshwar. _9129191 |
||
| 245 |
_aLaw of sale of goods / _cBy Akhileshwar Pathak. |
||
| 250 | _a1st ed. | ||
| 260 |
_aNew Delhi : _bOxford University Press , _c2013. |
||
| 300 |
_axii,250p. ; _bPB _c24 cm |
||
| 651 |
_aNature and formation of contract of sale _9129192 |
||
| 651 |
_aTransfer of title _9129193 |
||
| 651 |
_aRemedies for the buyer _9129194 |
||
| 942 |
_2ddc _cBK _e1st _k346.07 PATA |
||
| 999 |
_c210161 _d210161 |
||